Which country A-Z - Statistics

General Stats
  • This quiz has been taken 68 times
  • The average score is 22 of 24
Answer Stats
Hint Letter Answer % Correct
Literally meaning equator E Ecuador
96%
Petra is located here J Jordan
96%
Enclaved by South Africa L Lesotho
96%
The only country beginning with O O Oman
96%
The only country beginning with Q Q Qatar
96%
Second largest European country, behind Russia U Ukraine
96%
The only country beginning with Y Y Yemen
96%
Home to the Pope, HQ of the Roman Catholic Church V Vatican City
95%
East Pakistan was here B Bangladesh
93%
Shares Hispaniola with the D country H Haiti
93%
It's just an over-glorified boot I Italy
93%
Kagame transformed this central African nation R Rwanda
93%
Reminds me of Christmas dinner T Turkey
93%
Rhymes with the G country Z Zambia
93%
It's not been Burma since 1989 M Myanmar
91%
You probably know this country because of a canal P Panama
91%
Formerly Ceylon, this island nation is south of India S Sri Lanka
91%
Shares Hispaniola with the H country D Dominican Republic
89%
The land of silver A Argentina
86%
Shares it's longest border with Brazil F France
82%
Should be preceded by 'the' G Gambia
82%
Good luck spelling this country, just south of Kazakhstan K Kyrgyzstan
81%
17% of this country is reclaimed land N Netherlands
77%
Internet slang for an alpha male C Chad
74%
No matching quizzes found
Score Distribution
Percent of People with Each Score
Percentile by Number Answered
Your Score History
You have not taken this quiz